(Khmer) Spring story / (Record no. 48860)
| 000 -LEADER | |
|---|---|
| fixed length control field | 00312nam a2200109 4500 |
| 245 ## - TITLE STATEMENT | |
| Title | (Khmer) Spring story / |
| Statement of responsibility, etc | Eam Tith Seiha. |
| 260 ## - PUBLICATION, DISTRIBUTION, ETC. (IMPRINT) | |
| Place of publication, distribution, etc | Cambodia: |
| Name of publisher, distributor, etc | Sipar; |
| Date of publication, distribution, etc | 2023. |
| 300 ## - PHYSICAL DESCRIPTION | |
| Extent | 36 p. |
| Other physical details | col. ill. |
| Dimensions | 24 cm. |
| 490 ## - SERIES STATEMENT | |
| Series statement | I want to read; |
| 700 ## - ADDED ENTRY--PERSONAL NAME | |
| Relator code | illustrator. |
| Personal name | Seng Visoth. |
| 9 (RLIN) | 84122 |
| 942 ## - ADDED ENTRY ELEMENTS (KOHA) | |
| Source of classification or shelving scheme | |
| Koha item type | Khmer Fic Books |
| Withdrawn status | Lost status | Source of classification or shelving scheme | Damaged status | Not for loan | Collection code | Home library | Current library | Shelving location | Date acquired | Total Checkouts | Full call number | Barcode | Date last seen | Date checked out | Price effective from | Koha item type | Checked out |
|---|---|---|---|---|---|---|---|---|---|---|---|---|---|---|---|---|---|
| Siem Riep | Asian Hope Secondary Library | Asian Hope Secondary Library | SECONDARY | 04/23/2025 | 4 | KHMER J FIC EAM | 208350 | 04/02/2026 | 03/26/2026 | 04/23/2025 | Khmer Fic Books | ||||||
| Siem Riep | Asian Hope Secondary Library | Asian Hope Secondary Library | 01/13/2026 | 4 | KHMER J FIC DEF | 210192 | 04/28/2026 | 04/28/2026 | 01/13/2026 | Khmer Fic Books | 05/05/2026 |